Vivienda y equipamiento social en el desarrollo urbano
Na minha lista:
| Autor principal: | |
|---|---|
| Formato: | Desconhecido |
| Idioma: | Undetermined |
| Publicado em: |
[San José, Costa Rica]
1967
|
| Assuntos: | |
| Tags: |
Adicionar Tag
Sem tags, seja o primeiro a adicionar uma tag!
|
MARC
| LEADER | 00000 a2200000 4500 | ||
|---|---|---|---|
| 003 | 011309 | ||
| 005 | 20221231143814.0 | ||
| 008 | 140114s9999 xx 000 0 und d | ||
| 040 | |c cru CEDI | ||
| 090 | |a TFG 370 | ||
| 100 | |a Silva King, Leonardo |9 17834 | ||
| 245 | |a Vivienda y equipamiento social en el desarrollo urbano | ||
| 260 | |c 1967 |a [San José, Costa Rica] | ||
| 300 | |a 176 hojas : ilustraciones ; 27 cm | ||
| 500 | |a Tesis de incorporacion (Ingeniero Arquitecto) Universidad de Costa Rica. | ||
| 501 | |a Ed. mimeografiada. | ||
| 650 | |x DESARROLLO URBANO - AMERICA LATINA |9 17835 | ||
| 942 | |c TFG | ||
| 999 | |c 12265 |d 12265 | ||
